000 00367nam a22001457a 4500
999 _c260405
_d260404
003 OSt
005 20230731104537.0
008 230731b xxu||||| |||| 00| 0 eng d
020 _a9780763633011
040 _cN/A
100 _aLiz Kessler
245 _aEmily Windsnap and the Monster from the Deep
260 _aNew York
_bCandlewick press
_c2006
942 _2lcc
_cBK